[Event "AUTO-MASTER-1218"]
[Site "http://www.queenalice.com/game.php?id=830873"]
[Date "2010.9.10"]
[Round "1"]
[White "Bigorna"]
[Black "Buuuu"]
[Result "0-1"]
[WhiteElo "1949"]
[BlackElo "2131"]

1. e4 c6 2. Nf3 d5 3. exd5 cxd5 4. d4 Nf6 5. h3 g6 6. Bb5+ Bd7 7. Bxd7+ Nfxd7 8.
Qe2 Bg7 9. Bg5 f6 10. Bh4 O-O 11. Nc3 Nb6 12. Qe6+ Kh8 13. O-O Na6 14. g4 Nc7
15. Qe3 Qd7 16. b3 e5 17. a4 e4 18. a5 Nc8 19. Nd2 f5 20. Bg5 fxg4 21. Kh2 Ne6
22. Ne2 Qc7+ 23. Kg2 gxh3+ 24. Kxh3 Qxc2 0-1

[Event "AUTO-MASTER-1218"]
[Site "http://www.queenalice.com/game.php?id=830874"]
[Date "2010.9.10"]
[Round "1"]
[White "Buuuu"]
[Black "Bigorna"]
[Result "1-0"]
[WhiteElo "2115"]
[BlackElo "1988"]

1. e4 e5 2. Nf3 Nc6 3. Bb5 a6 4. Ba4 b5 5. Bb3 Na5 6. O-O Nxb3 7. axb3 d6 8. d4
Be7 9. Nc3 b4 10. Nd5 Nf6 11. Nxb4 Nxe4 12. dxe5 Bb7 13. Qe2 a5 14. Qb5+ Bc6 15.
Qxc6+ 1-0

[Event "AUTO-MASTER-1218"]
[Site "http://www.queenalice.com/game.php?id=830875"]
[Date "2010.9.10"]
[Round "1"]
[White "Bigorna"]
[Black "Aylton"]
[Result "0-1"]
[WhiteElo "1972"]
[BlackElo "2091"]

1. e4 c5 2. c3 e6 3. Nf3 Nc6 4. d4 cxd4 5. Nxd4 Nxd4 6. Qxd4 Qf6 7. Qxf6 Nxf6 8.
Nd2 d5 9. Bb5+ Bd7 10. Bxd7+ Kxd7 11. e5 Ne8 12. b4 a5 13. b5 b6 14. a4 Rc8 15.
Bb2 g6 16. Rc1 Bg7 17. c4 Nc7 18. Nf3 dxc4 19. Rxc4 Nd5 20. Rxc8 Rxc8 21. O-O
Rc2 22. Rb1 h6 23. Nd4 Rc4 0-1

[Event "AUTO-MASTER-1218"]
[Site "http://www.queenalice.com/game.php?id=830876"]
[Date "2010.9.10"]
[Round "1"]
[White "Aylton"]
[Black "Bigorna"]
[Result "1-0"]
[WhiteElo "2102"]
[BlackElo "1961"]

1. d4 e6 2. c4 b6 3. Nf3 h6 4. Nc3 Bb7 5. e3 d6 6. Be2 g5 7. O-O Bg7 8. h3 f5 9.
Qc2 Nf6 10. a3 Ne4 11. Nxe4 fxe4 12. Nd2 d5 13. Bh5+ Kd7 14. cxd5 exd5 15. b4
Rf8 16. Bb2 Qf6 17. Rac1 c6 18. Bg4+ Kc7 19. a4 Bc8 20. Bxc8 Kxc8 21. b5 Kb7 22.
bxc6+ Nxc6 23. Qb3 1-0

[Event "QA-ANNIV-06"]
[Site "http://www.queenalice.com/game.php?id=836951"]
[Date "2010.9.23"]
[Round "2"]
[White "Bigorna"]
[Black "rodrigohuii"]
[Result "0-1"]
[WhiteElo "1918"]
[BlackElo "1734"]

1. Nf3 d5 2. d4 e6 3. e3 Nf6 4. a3 c5 5. Bb5+ Bd7 6. Bxd7+ Nbxd7 7. O-O Qc7 8.
c3 Bd6 9. h3 O-O 10. Re1 Ne4 11. Nbd2 f5 0-1

[Event "AUTO-MASTER-1237"]
[Site "http://www.queenalice.com/game.php?id=841840"]
[Date "2010.10.4"]
[Round "1"]
[White "Bigorna"]
[Black "Pato"]
[Result "0-1"]
[WhiteElo "1895"]
[BlackElo "2097"]

1. Nf3 b6 2. e4 Bb7 3. Nc3 e6 4. Bb5 a6 5. Bc4 b5 6. Bd3 c5 7. b3 g6 8. a4 b4 9.
Ne2 Bg7 10. c3 d5 11. e5 Ne7 12. cxb4 cxb4 13. Ned4 O-O 14. O-O Nbc6 15. Nxc6
Nxc6 16. Bb2 Rc8 0-1

[Event "AUTO-MASTER-1237"]
[Site "http://www.queenalice.com/game.php?id=841841"]
[Date "2010.10.4"]
[Round "1"]
[White "Pato"]
[Black "Bigorna"]
[Result "1-0"]
[WhiteElo "2104"]
[BlackElo "1875"]

1. f4 g6 2. Nf3 b6 3. e3 Bb7 4. Be2 Bg7 5. O-O e6 6. d4 d5 7. c4 Ne7 8. Nc3 O-O
9. Ne5 dxc4 10. Bxc4 Nd5 11. Nxd5 exd5 12. Bd3 Nc6 13. Bd2 Nxe5 14. fxe5 a5 15.
Qe2 c6 16. Bc3 b5 17. a3 1-0

[Event "AUTO-MASTER-1237"]
[Site "http://www.queenalice.com/game.php?id=841842"]
[Date "2010.10.4"]
[Round "1"]
[White "Bigorna"]
[Black "docb"]
[Result "0-1"]
[WhiteElo "1808"]
[BlackElo "2051"]

1. Nf3 Nf6 2. d3 g6 3. h3 Nc6 4. e4 d6 5. c4 Bg7 6. Bd2 e5 7. Qc1 h6 8. b4 a6 9.
c5 d5 10. Nc3 dxe4 11. Nxe4 Nd5 12. a3 f5 13. Nc3 Nxc3 14. Qxc3 O-O 15. Qc4+ Kh7
16. O-O-O Qf6 0-1